| 000 | nam a22 a 4500 | ||
|---|---|---|---|
| 999 |
_c3950 _d3950 |
||
| 003 | AKMAL | ||
| 005 | 20170524125356.0 | ||
| 008 | 170524s1994 my 00 may d | ||
| 020 |
_a9676104787 (kkt.) : _cRM7.90 |
||
| 040 | _aAKMAL | ||
| 082 | 0 | 4 |
_a899.233 SUN _221 |
| 090 | 0 | 0 |
_a899.233 _bSUN |
| 245 | 0 | 0 |
_aSuara 3 : _bsungai kasih : antologi cerpen/sajak |
| 260 |
_aKuala Lumpur : _bUtusan Publications & Distributors , _c1994 |
||
| 300 |
_a199ms. ; _c22cm. |
||
| 650 |
_aShort stories, Malay _97750 |
||
| 650 |
_aMalay fiction _92141 |
||
| 942 |
_2ddc _cBOOK |
||